[Event "Izhevsk Udmurtia-ch"]
[Site "Izhevsk"]
[Date "2011.12.07"]
[Round "8"]
[White "Ivanov, Nikolay A"]
[Black "Shishkin, Alexander T"]
[Result "1-0"]
[WhiteElo "1961"]
[BlackElo "1962"]
[PlyCount "109"]
[EventDate "2011.12.02"]
[EventType "swiss"]
[EventRounds "11"]
[EventCountry "RUS"]
[SourceTitle "CBM 146 Extra"]
[Source "ChessBase"]
[SourceDate "2012.02.29"]
[SourceVersion "1"]
[SourceVersionDate "2012.02.29"]
[SourceQuality "1"]

1. c4 d6 2. Nf3 g6 3. Nc3 Bg7 4. g3 e5 5. Bg2 f5 6. d4 e4 7. Bg5 Bf6 8. Bxf6 Nxf6 9. Ng1 c6 10. e3 0-0 11. Nge2 Be6 12. b3 Bf7 13. Qd2 Nbd7 14. h3 a5 15. g4 Rb8 16. gxf5 gxf5 17. Nf4 Nh5 18. Nce2 Ndf6 19. Rc1 Nxf4 20. Nxf4 Nh5 21. Rg1 Nxf4 22. exf4 Kh8 23. d5 Bg6 24. Qd4+ Qf6 25. Qxf6+ Rxf6 26. dxc6 bxc6 27. Kd2 Bh5 28. Bf1 Rg8 29. Rxg8+ Kxg8 30. c5 d5 31. Ke3 Kf7 32. a3 Ke6 33. b4 axb4 34. axb4 Be8 35. Ra1 Rg6 36. Ra6 Rg1 37. Be2 Re1 38. Kd2 Rb1 39. b5 Rb2+ 40. Kd1 Rb4 41. b6 d4 42. Ra8 Ke7 43. Ba6 Bh5+ 44. Kc1 Ke6 45. b7 Kd5 46. b8Q Rxb8 47. Rxb8 Kxc5 48. Rf8 Bf3 49. Rxf5+ Kb4 50. Re5 c5 51. Kd2 c4 52. Bxc4 Kxc4 53. f5 Bh5 54. f6 Bg6 55. Re7 1-0

[Event "Izhevsk Udmurtia-ch"]
[Site "Izhevsk"]
[Date "2011.12.06"]
[Round "7"]
[White "Pushin, Vladimir"]
[Black "Shishkin, Alexander T"]
[Result "1-0"]
[WhiteElo "2399"]
[BlackElo "1962"]
[PlyCount "79"]
[EventDate "2011.12.02"]
[EventType "swiss"]
[EventRounds "11"]
[EventCountry "RUS"]
[SourceTitle "CBM 146 Extra"]
[Source "ChessBase"]
[SourceDate "2012.02.29"]
[SourceVersion "1"]
[SourceVersionDate "2012.02.29"]
[SourceQuality "1"]

1. c4 d6 2. Nc3 e5 3. g3 Be6 4. Bg2 c6 5. Qb3 Qc8 6. Nf3 Nd7 7. d3 Ngf6 8. Ng5 Nc5 9. Qc2 Bd7 10. b4 Ne6 11. Nf3 g6 12. 0-0 Bg7 13. Rb1 0-0 14. b5 Nd4 15. Nxd4 exd4 16. bxc6 bxc6 17. Na4 Qa6 18. Bf4 c5 19. Bxa8 Bxa4 20. Bb7 Bxc2 21. Bxa6 Bxb1 22. Rxb1 Ne8 23. Rb7 Be5 24. Bd2 d5 25. cxd5 Nd6 26. Rd7 Nc8 27. Bh6 Re8 28. Bb5 Nb6 29. Rxa7 Ra8 30. Rxa8+ Nxa8 31. a4 Bc7 32. Bc6 Nb6 33. a5 Nc8 34. a6 Na7 35. Bd7 Bd6 36. Bg5 Kf8 37. Bd8 Bb8 38. Kf1 f5 39. f4 h6 40. Ke1 1-0